Algebra y geometría /

Guardado en:
Autor Principal: Repetto, Celina H.
Formato: Libro
Publicado: Buenos Aires : Kapelusz, 1968
Edición:2a. ed.
Materias:
Etiquetas: Agregar Etiqueta
Sin Etiquetas, Sea el primero en etiquetar este registro!
LEADER 00527nam a22001815a 4500
001 CEM.cems005379
005 20060220000000.0
008 130507s1968##################000#0#####d
003 CEMS
082 0 4 |a 512 
100 1 |a Repetto, Celina H. 
245 1 0 |a Algebra y geometría / 
250 |a 2a. ed. 
260 |a Buenos Aires :  |b Kapelusz,  |c 1968 
300 |a 336 p. 
653 |a Matematica 
859 |a CEMS  |b BIB. CEMS - 11 de abril  |h 512  |i R299a2/IV-1  |p 10991.82  |t Ej.2 
859 |a CEMS  |b BIB. CEMS - 11 de abril  |h 512  |i R299a2/IV-1  |p 1306.73  |t Ej.1